| 000 | 00678nam a22001577a 4500 | ||
|---|---|---|---|
| 999 |
_c80412 _d80412 |
||
| 008 | 201130b ||||| |||| 00| 0 eng d | ||
| 040 |
_bger _cSTAFF _erda _aISIL EINTRAGEN |
||
| 041 | _ager | ||
| 245 |
_aSeit einem Jahr mehr Nachbarsprache: _bEU-Projekt: In Frankfurt machen rund hundert Schüler freiwillig bei Polnisch-AGs mit. Lehrer lernen im Tandem mit Kollegen / _cred |
||
| 600 | _2Junghanns, Andrea <Leiterin Kita St. Georg> | ||
| 773 |
_dFrankfurt (Oder): Märkisches Verlags- und Druckhaus GmbH & Co KG _g31. Jahrgang (2020) Nr. 294 vom 17.12.2020, S. 15. _tMärkische Oderzeitung |
||
| 942 | _cA | ||